[Event "Rakovnik Regional-chT 1415"]
[Site "Rakovnik"]
[Date "2015.04.12"]
[Round "11.7"]
[White "Rynt, Pavel"]
[Black "Filip, Vojtech"]
[Result "0-1"]
[WhiteElo "1956"]
[BlackElo "1950"]
[PlyCount "68"]
[EventDate "2014.10.19"]
[EventType "team-tourn"]
[EventRounds "11"]
[EventCountry "CZE"]
[SourceTitle "EXT 2016"]
[Source "ChessBase"]
[SourceDate "2015.10.08"]
[SourceVersion "1"]
[SourceVersionDate "2015.10.08"]
[SourceQuality "1"]
[WhiteTeam "Kralupy nad Vltavou"]
[BlackTeam "Vlasim II"]
[WhiteTeamCountry "CZE"]
[BlackTeamCountry "CZE"]

1. e4 c6 2. d4 d5 3. exd5 cxd5 4. Bd3 Nc6 5. c3 Nf6 6. Bf4 Bg4 7. f3 Bh5 8. Nd2 e6 9. Ne2 Bg6 10. Nb3 Bd6 11. 0-0 0-0 12. Bg5 Qc7 13. Bxf6 gxf6 14. f4 Bxd3 15. Qxd3 f5 16. Qh3 Kh8 17. Nbc1 b5 18. Nd3 b4 19. Ne5 bxc3 20. bxc3 Nxe5 21. fxe5 Be7 22. Nf4 Rg8 23. Rf3 Rg5 24. Qh6 Rag8 25. Rh3 R8g7 26. Rf1 Qc4 27. Rf2 Qb5 28. Rhf3 Qb1+ 29. Rf1 Qxa2 30. R1f2 Qb1+ 31. Rf1 Qc2 32. R1f2 Qc1+ 33. Rf1 Rxg2+ 34. Kh1 Rg1+ 0-1

[Event "Prague Summer op 1st"]
[Site "Prague"]
[Date "2014.08.12"]
[Round "4"]
[White "Bombek, Peter"]
[Black "Rynt, Pavel"]
[Result "1-0"]
[WhiteElo "2172"]
[BlackElo "1991"]
[PlyCount "87"]
[EventDate "2014.08.09"]
[EventType "swiss"]
[EventRounds "9"]
[EventCountry "CZE"]
[SourceTitle "CBM 162 Extra"]
[Source "ChessBase"]
[SourceDate "2014.10.17"]
[SourceVersion "1"]
[SourceVersionDate "2014.10.17"]
[SourceQuality "1"]

1. Nf3 d6 2. d4 Bg4 3. e4 Nd7 4. Be3 Ngf6 5. Nbd2 e6 6. Bd3 Be7 7. h3 Bh5 8. g4 Bg6 9. Qe2 c6 10. 0-0-0 Qa5 11. Kb1 b5 12. g5 Nh5 13. d5 exd5 14. Nb3 Qa4 15. exd5 Bxd3 16. Rxd3 c5 17. Nxc5 Nxc5 18. Bxc5 Nf4 19. Qe3 Nxd3 20. Bxd6 0-0 21. Bxe7 Nb4 22. Qb3 Qxb3 23. axb3 Nxd5 24. Bxf8 Kxf8 25. Rd1 Nb6 26. c3 Ke7 27. Nd4 a6 28. Nf5+ Kf8 29. Kc2 g6 30. Rd6 Rb8 31. Nh6 a5 32. Ng4 Ke7 33. Rd4 Nd7 34. h4 Rb6 35. c4 Rc6 36. Rxd7+ Kxd7 37. Ne5+ Kc7 38. Nxc6 Kxc6 39. Kd3 Kc5 40. Kc3 Kd6 41. b4 a4 42. cxb5 Kd5 43. Kd3 Kd6 44. Kd4 1-0

[Event "Liberec op"]
[Site "Liberec"]
[Date "2004.??.??"]
[Round "8"]
[White "Rynt, Pavel"]
[Black "Peniska, Pavel"]
[Result "0-1"]
[WhiteElo "2108"]
[BlackElo "2011"]
[PlyCount "108"]
[EventDate "2004.10.23"]
[EventType "swiss"]
[EventRounds "9"]
[EventCountry "CZE"]
[SourceTitle "EXT 2005"]
[Source "ChessBase"]
[SourceDate "2004.11.15"]
[SourceVersion "1"]
[SourceVersionDate "2004.11.15"]
[SourceQuality "1"]

1. d4 Nf6 2. Bg5 c5 3. d5 Ne4 4. Bf4 Qb6 5. Qc1 d6 6. f3 Nf6 7. e4 e5 8. Be3 Be7 9. Ne2 0-0 10. Nec3 Ne8 11. Be2 f5 12. 0-0 f4 13. Bf2 g5 14. Nd2 Nd7 15. Nc4 Qd8 16. a3 a6 17. b4 b5 18. Na5 Ndf6 19. Nc6 Qc7 20. bxc5 dxc5 21. Nxe7+ Qxe7 22. Rd1 Qd6 23. Na2 Bd7 24. c4 Rc8 25. cxb5 axb5 26. Rb1 c4 27. Nc3 Nc7 28. Qb2 Ra8 29. a4 Rfb8 30. Qb4 Qxb4 31. Rxb4 Na6 32. Rxb5 Bxb5 33. axb5 Nb4 34. Bxc4 Rc8 35. Bf1 Rxc3 36. Be1 Rb3 37. Bc4 Rb2 38. d6+ Kg7 39. d7 Nxd7 40. Rxd7+ Kf8 41. Rd1 Ra3 42. Bf2 Rc3 43. Bf1 Nc2 44. b6 Ne3 45. Bxe3 fxe3 46. Be2 Rxb6 47. Kf1 Rb2 48. g4 Rd2 49. Ra1 Rcc2 50. Ra8+ Ke7 51. Ra7+ Kd6 52. Ra6+ Kc5 53. Ra5+ Kb6 54. Ra6+ Kb7 0-1

[Event "Liberec op"]
[Site "Liberec"]
[Date "2004.??.??"]
[Round "4"]
[White "Snorek, Milan"]
[Black "Rynt, Pavel"]
[Result "1-0"]
[WhiteElo "2213"]
[BlackElo "2108"]
[PlyCount "69"]
[EventDate "2004.10.23"]
[EventType "swiss"]
[EventRounds "9"]
[EventCountry "CZE"]
[SourceTitle "EXT 2005"]
[Source "ChessBase"]
[SourceDate "2004.11.15"]
[SourceVersion "1"]
[SourceVersionDate "2004.11.15"]
[SourceQuality "1"]

1. d4 d5 2. Nf3 c6 3. g3 Bg4 4. Bg2 Nf6 5. h3 Bxf3 6. Bxf3 e6 7. 0-0 Bd6 8. c4 Nbd7 9. Nc3 0-0 10. e4 dxe4 11. Nxe4 Nxe4 12. Bxe4 Nf6 13. Bg2 Re8 14. Be3 Qd7 15. Qe2 Rad8 16. Rad1 Qe7 17. a3 a5 18. Rfe1 Bc7 19. Bg5 h6 20. Be3 Rd7 21. f4 Red8 22. Qf2 c5 23. d5 b6 24. Bd2 e5 25. Bc3 e4 26. a4 Bd6 27. b3 Re8 28. Re3 Qd8 29. Rde1 g5 30. fxg5 Nh5 31. g4 Nf4 32. Bf6 Qb8 33. gxh6 Rde7 34. h7+ Kxh7 35. Qh4+ 1-0